Normal view MARC view

Entry Personal Name

Number of records used in: 2

001 - CONTROL NUMBER

  • control field: 1263

003 - CONTROL NUMBER IDENTIFIER

  • control field: dpl

005 - DATE AND TIME OF LATEST TRANSACTION

  • control field: 20100724143955.0

008 - FIXED-LENGTH DATA ELEMENTS

  • fixed length control field: 100724|||a|||||| | ||| d

040 ## - CATALOGING SOURCE

  • Original cataloging agency: dpl
  • Transcribing agency: dpl

100 ## - HEADING--PERSONAL NAME

  • Personal name: Williams, Ivan J

670 ## - SOURCE DATA FOUND

  • Source citation: Work cat.: (dpl): Control systems, 2010

670 ## - SOURCE DATA FOUND

  • Source citation: Work cat.: (dpl): Control systems, 2010

© Delhi Public Library
Hit Counter
free hit counter